| 000 | 00462cam a22001932a 4500 | ||
|---|---|---|---|
| 001 | 008009 | ||
| 003 | AR-FADEU | ||
| 008 | 311216n1962####xxu####################dd | ||
| 092 |
_a330.81 _bF992 |
||
| 100 | _aFurtado, Celso | ||
| 245 | _aFormación económica del Brasil | ||
| 260 | _aMéxico | ||
| 260 | _bFondo de Cultura Económica | ||
| 260 | _c1962 | ||
| 300 | _a259 p | ||
| 440 | _aObras de económia | ||
| 650 | _aECONOMIA-BRASIL | ||
| 942 | _cBDGR | ||
| 999 |
_c13823 _d13823 |
||